000 00349 a2200109 4500
001 ART_12906
005 20260410161909.0
008 260409a
245 1 0 _aEl control de gestión en las organizaciones adhocráticas
100 1 _aMarchione, Julio César
773 0 _tCostos y gestión
_g- Año 13, Nº 53 (sep. 2004)
_wREV12786
999 _c26667
_d26667